Missing Word: Royals Flicks Quiz Stats

 Plays Quiz Updated Nov 29, 2012

     
Support Sporcle.
Go Orange.
Score 0/20 Timer 03:00
0 Plays Today
Title Missing Word % Correct
The ____ Prince of Bel-AirFresh
96.3%
The ____ KingLion
93.9%
The King and __I
89.6%
Xena: ____ PrincessWarrior
89.5%
King of the ____Hill
88.7%
The ____ of QueensKing
88.1%
The Dukes of ____Hazzard
85.5%
The Princess ____Bride
84.5%
The King's ____Speech
78.8%
The Princess and the ____Frog
78.4%
Title Missing Word % Correct
The Lord of the Rings: The ____ of the KingReturn
78%
Mary, Queen of ____Scots
71.2%
The Princess ____Diaries
69%
The Prince of ____Egypt
62.7%
The Last King of _____Scotland
62.4%
The ____ EmperorLast
61%
Prince of ____: The Sands of TimePersia
60.1%
The ____ of King GeorgeMadness
29.9%
A ____ PrincessLittle
21.2%
Princess ____Mononoke
14.8%

Today's Daily Dose

Missing Word
Brands of Alcohol

Word Ladder
A Little Room?

Get the Picture
SpongeBob Rivalry

From the Vault

Movies of 2011

by grapefruitking

Movies 7m
2011 was the year we finally believed Brad Pitt could run a baseball team. Sort of.
Remove Ads.
Support Sporcle.
Get the best of Sporcle when you Go Orange. This ad-free experience offers more features, more stats, and more fun while also helping to support Sporcle. Thank you for becoming a member.

Show Comments

Extras

Top Quizzes Today


Score Distribution

Your Account Isn't Verified!

In order to create a playlist on Sporcle, you need to verify the email address you used during registration. Go to your Sporcle Settings to finish the process.

Report this User

Report this user for behavior that violates our Community Guidelines.

Details: